[Event "Sables d'Olonne op 3rd"]
[Site "Sables d'Olonne"]
[Date "2016.07.20"]
[Round "6"]
[White "Colin, Vincent"]
[Black "Daces, Philippe"]
[Result "1-0"]
[WhiteElo "2395"]
[BlackElo "1994"]
[PlyCount "53"]
[EventDate "2016.07.16"]
[EventType "swiss"]
[EventRounds "9"]
[EventCountry "FRA"]
[SourceTitle "CBM 173 Extra"]
[Source "ChessBase"]
[SourceDate "2016.08.29"]
[SourceVersion "1"]
[SourceVersionDate "2016.08.29"]
[SourceQuality "1"]

1. e4 c6 2. d4 d5 3. exd5 cxd5 4. c4 Nf6 5. Nc3 Nc6 6. Bg5 e6 7. Nf3 Be7 8. Rc1 Ne4 9. Bxe7 Qxe7 10. Bd3 Nxc3 11. Rxc3 dxc4 12. Bxc4 0-0 13. 0-0 Rd8 14. a3 Qd6 15. Rd3 Ne7 16. Re1 Nd5 17. Ne5 Bd7 18. Qh5 Be8 19. Rh3 h6 20. Rg3 Kf8 21. Qg4 g6 22. Nxg6+ fxg6 23. Rxe6 Qc7 24. Rxg6 Bxg6 25. Qxg6 Qxc4 26. Qxh6+ Ke8 27. Qe6+ 1-0